000 00583cam a2200181 4500500
005 20260405000745.0
041 _afre
042 _adc
100 1 0 _aChapuis, Émilie
_eauthor
245 0 0 _aYitzhak Ben Mocha : « J’ai refusé de servir dans les territoires occupés »
260 _c2009.
500 _a39
690 _acourage
690 _aGuerre
690 _aIsraël
786 0 _nPhilosophie magazine | 29 | 5 | 2009-05-01 | p. 27-27 | 1951-1787
856 4 1 _uhttps://shs.cairn.info/magazine-philosophie-magazine-2009-5-page-27?lang=fr&redirect-ssocas=7080
999 _c2040517
_d2040517